Saltar ao contenido

Практикум по биологическим основам сельского хозяйства учебное пособие

Учебное пособие, предназначенное для дисциплины «Почвоведение с основами растениеводства», содержит практические работы по земледелию и агрохимии, семеноведению и растениеводству. В приложении дается справочный материал, приводятся характеристики районированных сортов сельскохозяйственных растений....

Descrición completa

Gardado en:
Detalles Bibliográficos
Autor Principal: Софронов А. А.
Formato: Книга
Idioma:Russian
Publicado: Архангельск САФУ 2014
Acceso en liña:https://e.lanbook.com/book/96521
https://e.lanbook.com/img/cover/book/96521.jpg
Метки: Engadir etiqueta
Sen Etiquetas, Sexa o primeiro en etiquetar este rexistro!
LEADER 02020nam0a2200277 i 4500
001 96521
003 RuSpLAN
005 20221220174001.0
008 221220s2014 ru gs 000 0 rus
020 |a 978-5-261-00938-2 
040 |a RuSpLAN 
041 0 |a rus 
044 |a ru 
080 |a 631 
084 |a 40.0  |2 rubbk 
245 0 0 |a Практикум по биологическим основам сельского хозяйства  |b учебное пособие  |c Софронов А. А. 
260 |a Архангельск  |b САФУ  |c 2014 
300 |a 166 с. 
500 |a Допущено САФУ имени М.В. Ломоносова в качестве учебного пособия 
504 |a Библиогр.: доступна в карточке книги, на сайте ЭБС Лань 
520 8 |a Учебное пособие, предназначенное для дисциплины «Почвоведение с основами растениеводства», содержит практические работы по земледелию и агрохимии, семеноведению и растениеводству. В приложении дается справочный материал, приводятся характеристики районированных сортов сельскохозяйственных растений. Для студентов направления подготовки 120302 «Земельный кадастр», а также специальностей 250201 «Лесное хозяйство» и 110101 «Агрохимия и агропочвоведение» всех форм обучения. 
521 8 |a Книга из коллекции САФУ - Ветеринария и сельское хозяйство 
100 1 |a Софронов А. А. 
856 4 |u https://e.lanbook.com/book/96521 
856 4 8 |u https://e.lanbook.com/img/cover/book/96521.jpg 
953 |a https://e.lanbook.com/img/cover/book/96521.jpg